| 000 | 00611nam a2200193Ia 4500 | ||
|---|---|---|---|
| 008 | 140224s9999 xx 000 0 und d | ||
| 020 | _a9780753405062 | ||
| 050 |
_aML 3928 _b.P35 1995 |
||
| 100 | _aPaker, Jo | ||
| 245 |
_aI wonder why flutes have holes : _band other questions about music / _cJo Paker. |
||
| 260 |
_aLondon : _bKingfisher Publications Plc, _cc1995. |
||
| 300 |
_a35 p : _bcol. ill. ; _c29 cm. |
||
| 440 | _aI wonder why. | ||
| 650 |
_aMusic _xMiscellanea -- Juvenile literature. |
||
| 650 |
_aMusic _xMiscellanea. |
||
| 650 | _aQuestions and answers. | ||
| 942 | _cBK | ||
| 999 |
_c42375 _d42375 |
||